MARC

LEADER 00000nam0a2200000 4500
001 256812
005 20231101233140.0
010 |a 5020026182 
035 |a (RuTPU)RU\TPU\book\279555 
090 |a 256812 
100 |a 20140411d1988 k y0rusy50 ca 
101 0 |a rus 
102 |a RU 
105 |a a z 001zy 
200 1 |a Спектроскопия цирконов: свойства, геологические приложения  |f А. А. Краснобаев, С. Л. Вотяков, В. Я. Крохалев  |g Академия наук СССР (АН СССР), Уральское отделение (УрО), Институт геологии и геохимии им. А. Н. Заварицкого (ИГГ) ; отв. ред. Г. Б. Ферштатер , Б. В. Шульгин 
210 |a Москва  |c Наука  |d 1988 
215 |a 150 с.  |c ил. 
320 |a Библиогр.: с. 143-149. 
606 1 |a Циркон  |x Минералогия  |2 stltpush  |3 (RuTPU)RU\TPU\subj\18322  |9 43777 
610 1 |a синтез 
610 1 |a спектроскопия 
610 1 |a искусственные цирконы 
610 1 |a локальные дефекты 
610 1 |a люминесценция 
610 1 |a природные цирконы 
610 1 |a Урал 
675 |a 549.5  |v 3 
700 1 |a Краснобаев  |b А. А.  |g Артур Антонинович 
701 1 |a Вотяков  |b С. Л.  |g Сергей Леонидович 
701 1 |a Крохалев  |b В. Я.  |g Вадим Яковлевич 
702 1 |a Ферштатер  |b Г. Б.  |4 340 
702 1 |a Шульгин  |b Б. В.  |4 340 
712 0 2 |a Академия наук СССР (АН СССР)  |b Уральское отделение (УрО)  |b Институт геологии и геохимии им. А. Н. Заварицкого (ИГГ)  |c (Свердловск)  |2 stltpush  |3 (RuTPU)RU\TPU\col\13583 
801 1 |a RU  |b 63413507  |c 20140411 
801 2 |a RU  |b 63413507  |c 20140912  |g RCR 
942 |c BK